[Event "NED-ch"]
[Site "Leeuwarden"]
[Date "1981.??.??"]
[Round "2"]
[White "Ligterink, Gert"]
[Black "Van der Vliet, Fredrik"]
[Result "1-0"]
[WhiteElo "2430"]
[BlackElo "2395"]
[PlyCount "59"]
[EventDate "1981.??.??"]
[Source "ChessBase"]

1. d4 Nf6 2. c4 g6 3. Nc3 Bg7 4. e4 d6 5. Be2 c6 6. Bg5 a6 7. e5 dxe5 8. dxe5 Qxd1+ 9. Rxd1 Nfd7 10. f4 h6 11. Bh4 g5 12. fxg5 Nxe5 13. Nf3 Nxf3+ 14. Bxf3 hxg5 15. Bxg5 Bxc3+ 16. bxc3 Nd7 17. Bf4 Nc5 18. Be3 Na4 19. O-O Be6 20. Bd4 Rg8 21. Rb1 Bxc4 22. Rxb7 c5 23. Re1 Kf8 24. Be5 Rc8 25. Bc6 Bb5 26. Bxb5 axb5 27. Bf4 Rg6 28. Rexe7 Rf6 29. Be5 Rf5 30. g4 1-0

[Event "Tuzla"]
[Site "Tuzla"]
[Date "1983.??.??"]
[Round "9"]
[White "Palos, Osman"]
[Black "Hazai, Laszlo"]
[Result "1-0"]
[WhiteElo "2350"]
[BlackElo "2475"]
[PlyCount "57"]
[EventDate "1983.10.??"]
[Source "ChessBase"]

1. d4 Nf6 2. c4 g6 3. Nc3 Bg7 4. e4 d6 5. Be2 O-O 6. g4 c5 7. d5 e6 8. g5 Ne8 9. h4 exd5 10. exd5 Nc7 11. h5 b5 12. Qd3 Re8 13. Qg3 Nd7 14. hxg6 hxg6 15. Bf4 Ne5 16. O-O-O Bf5 17. Nf3 bxc4 18. Nxe5 Rxe5 19. Bxe5 Bxe5 20. f4 Bg7 21. Bxc4 Rb8 22. Rh4 Rb4 23. b3 Qb8 24. Bd3 Rxb3 25. axb3 Qxb3 26. Bxf5 Nb5 27. Qe3 Kf8 28. Bd7 Qa3+ 29. Kc2 1-0

[Event "Wijk aan Zee NED"]
[Site "Wijk aan Zee NED"]
[Date "1971.??.??"]
[Round "?"]
[White "Cafferty, Bernard"]
[Black "Van Baarle, John"]
[Result "1-0"]
[WhiteElo "2440"]
[BlackElo "2380"]
[PlyCount "63"]
[EventDate "1971.??.??"]
[Source "www.chesslib.no"]
[SourceDate "2004.05.04"]

1. c4 Nf6 2. Nc3 g6 3. e4 d6 4. d4 Bg7 5. Be2 e5 6. dxe5 dxe5 7. Qxd8+ Kxd8 8. f4 Nfd7 9. Nf3 c6 10. O-O Ke8 11. Be3 Bh6 12. g3 Na6 13. Rad1 Nc7 14. Kf2 f6 15. f5 Bxe3+ 16. Kxe3 g5 17. Rd2 Ke7 18. Rfd1 a5 19. Na4 Na6 20. Rd6 Nac5 21. Nxc5 Nxc5 22. Nxe5 Re8 23. Bh5 Rf8 24. Ng4 Na4 25. R6d2 Nb6 26. b3 Nd7 27. Rd6 Ne5 28. Nxe5 fxe5 29. Rh6 Rh8 30. f6+ Ke6 31. c5 Rf8 32. Rd6# 1-0

[Event "Kecskemet Open"]
[Site "Kecskemet HUN"]
[Date "1987.??.??"]
[Round "?"]
[White "Farago, Sandor"]
[Black "Romero Holmes, Alfonso"]
[Result "0-1"]
[WhiteElo "2380"]
[BlackElo "2440"]
[PlyCount "102"]
[EventDate "1987.06.??"]
[Source "www.chesslib.no"]
[SourceDate "2004.05.04"]

1. d4 Nf6 2. c4 g6 3. Nc3 Bg7 4. e4 d6 5. Be2 O-O 6. g4 a6 7. g5 Nfd7 8. Be3 c5 9. Nf3 Nc6 10. d5 Na5 11. Qc2 b5 12. cxb5 axb5 13. Bxb5 Nb6 14. Nd2 e6 15. dxe6 Bxe6 16. O-O d5 17. exd5 Nxd5 18. Nxd5 Bxd5 19. Qxc5 Rc8 20. Qb6 Qe7 21. Qxa5 Ra8 22. Qb6 Rfb8 23. Qc5 Qxc5 24. Bxc5 Rxb5 25. Be3 Bxb2 26. Rad1 Rxa2 27. f3 Be5 28. Rf2 Ra3 29. Nf1 h6 30. h4 Kh7 31. f4 Bb8 32. gxh6 Bc4 33. Rd8 Ba7 34. Bxa7 Rxa7 35. Ne3 Be6 36. Kh2 Ra3 37. Re2 Rbb3 38. Ng2 Kxh6 39. Rd4 Ra1 40. Re1 Rh3+ 41. Kg1 Ra2 42. Red1 Bf5 43. R1d2 Rxd2 44. Rxd2 Be4 45. Re2 f5 46. Kf2 Kh5 47. Ke1 Kg4 48. Kd2 Kg3 49. Ne3 Kxf4 50. Rf2+ Kg3 51. Ke2 Bd3+ 0-1

[Event "Sisak"]
[Site "Sisak"]
[Date "2000.05.18"]
[Round "3"]
[White "Franic, Milan"]
[Black "Biolek, Richard"]
[Result "1/2-1/2"]
[WhiteElo "2386"]
[BlackElo "2432"]
[PlyCount "120"]
[EventDate "2000.05.17"]
[Source "ChessBase"]
[SourceDate "2000.07.11"]

1. d4 Nf6 2. c4 c5 3. d5 e5 4. Nc3 d6 5. e4 g6 6. Be2 Bg7 7. Bg5 h6 8. Bd2 a6 9. a3 Nbd7 10. Nf3 O-O 11. O-O Nh5 12. g3 Nhf6 13. Qc1 Kh7 14. Nh4 Ne8 15. Qc2 Bf6 16. Ng2 Bg5 17. f4 Bf6 18. f5 Kg7 19. b4 Qc7 20. Qc1 Rh8 21. Rb1 b6 22. h4 Qd8 23. Na4 Rb8 24. Be3 g5 25. Bf2 Be7 26. Rd1 Qc7 27. Qd2 Bd8 28. Rb2 Ndf6 29. Nc3 g4 30. Rdb1 Rb7 31. Ne1 h5 32. Nd3 Nd7 33. Kg2 Rh7 34. a4 Be7 35. Qc1 Rh8 36. Rb3 Nef6 37. Qb2 cxb4 38. Rxb4 a5 39. Rb3 Qxc4 40. Nxe5 Qc7 41. Nc6 Ne5 42. Rxb6 Rxb6 43. Qxb6 Qxb6 44. Bxb6 Nxe4 45. Nxe4 Bxf5 46. Nc3 Bxb1 47. Nxb1 Bf6 48. Bxa5 Ra8 49. Bb5 Nf3 50. Na3 Re8 51. Nc2 Bxh4 52. N6d4 Re5 53. Bc6 Bf6 54. Kf2 h4 55. Nxf3 Rf5 56. Nce1 h3 57. Ke3 gxf3 58. Nxf3 Re5+ 59. Kf2 Rf5 60. Ke2 Re5+ 1/2-1/2

[Event "Olot Open"]
[Site "Olot"]
[Date "1994.??.??"]
[Round "?"]
[White "Garriga Nualart, Josep"]
[Black "Ortega, Lexy"]
[Result "1-0"]
[WhiteElo "2375"]
[BlackElo "2440"]
[PlyCount "59"]
[EventDate "1994.08.??"]
[Source "www.chesslib.no"]
[SourceDate "2004.05.04"]

1. c4 Nf6 2. Nc3 g6 3. e4 d6 4. d4 Bg7 5. Be2 c5 6. dxc5 Qa5 7. Bd2 Qxc5 8. Nf3 Bg4 9. Be3 Qa5 10. O-O O-O 11. h3 Bxf3 12. Bxf3 Nc6 13. Qb3 Rab8 14. Rac1 Nd7 15. Rfd1 Nc5 16. Qb5 Bxc3 17. Rxc3 Qb6 18. a3 Ne5 19. b4 Qxb5 20. cxb5 Na4 21. Rc7 Nb6 22. Be2 Rfc8 23. Rdc1 Ned7 24. a4 Rd8 25. a5 Na8 26. Bxa7 Nxc7 27. Bxb8 Rxb8 28. Rxc7 Nf6 29. Rxe7 Kf8 30. Rc7 1-0

[Event "NOR Ch"]
[Site "Norway"]
[Date "1993.??.??"]
[Round "1"]
[White "Fyllingen, Roy Harald"]
[Black "Djurhuus, Rune"]
[Result "0-1"]
[WhiteElo "2330"]
[BlackElo "2485"]
[PlyCount "76"]
[EventDate "1993.??.??"]
[Source "www.chesslib.no"]
[SourceDate "2004.05.04"]

1. d4 Nf6 2. c4 g6 3. Nc3 Bg7 4. e4 d6 5. Be2 O-O 6. h4 h5 7. Nh3 Nc6 8. Bg5 Nh7 9. Be3 e5 10. dxe5 dxe5 11. Qxd8 Nxd8 12. Nd5 Bxh3 13. Rxh3 c6 14. Nb4 Ne6 15. Rd1 Nf6 16. f3 Rfd8 17. Rxd8+ Rxd8 18. Nd3 Nd7 19. g4 Kh7 20. gxh5 gxh5 21. Kf2 Bh6 22. Bxh6 Kxh6 23. Rg3 Nec5 24. Ne1 Nf8 25. b4 Nce6 26. Ke3 Ng6 27. Nd3 f6 28. Bf1 Nef4 29. Nf2 Nxh4 30. a3 Nhg6 31. Rg1 a5 32. Bd3 Nh4 33. Bf1 axb4 34. axb4 Ra8 35. Rg3 Ra1 36. Bd3 Ra2 37. Bf1 Kh7 38. Nh3 Nhg2+ 0-1

[Event "9th Open, Nikea GRE"]
[Site "?"]
[Date "2001.??.??"]
[Round "7"]
[White "Karayannis, A."]
[Black "Moutousis, K."]
[Result "0-1"]
[WhiteElo "2370"]
[BlackElo "2445"]
[PlyCount "89"]
[EventDate "2001.??.??"]
[Source "www.chesslib.no"]
[SourceDate "2004.05.04"]

1. d4 Nf6 2. c4 g6 3. Nc3 Bg7 4. e4 d6 5. Be2 O-O 6. g4 a6 7. Be3 c5 8. d5 b5 9. g5 Nfd7 10. Qd2 Nb6 11. h4 N8d7 12. f4 Re8 13. h5 b4 14. Nd1 e6 15. dxe6 Rxe6 16. hxg6 hxg6 17. f5 Rxe4 18. fxg6 Ne5 19. gxf7+ Kf8 20. Nf3 Nbxc4 21. Qd5 Bf5 22. Nxe5 Nxe3 23. Nd7+ Qxd7 24. Qxa8+ Kxf7 25. Nxe3 Rxe3 26. Kd2 Rxe2+ 27. Kxe2 Qb5+ 28. Ke1 Qd3 29. g6+ Bxg6 30. Rf1+ Ke7 31. Qb7+ Ke6 32. Rf3 Qe4+ 33. Qxe4+ Bxe4 34. Re3 Kf5 35. Rd1 d5 36. b3 Bh6 37. Rxe4 Kxe4 38. Ke2 Bf4 39. Rh1 a5 40. Rh4 c4 41. Kd1 c3 42. Kc2 d4 43. Rh3 Bg5 44. Rd3 Be3 45. a3 0-1

[Event "Dato Arthur Tan Malaysian Op"]
[Site "Kuala Lumpur MAS"]
[Date "2007.08.21"]
[Round "4"]
[White "Nadera, B."]
[Black "Lane, G."]
[Result "1/2-1/2"]
[WhiteElo "2402"]
[BlackElo "2412"]
[PlyCount "51"]
[EventDate "2007.08.20"]
[Source "www.chesslib.no"]
[SourceDate "2004.05.04"]

1. d4 Nf6 2. c4 g6 3. Nc3 Bg7 4. e4 d6 5. Be2 O-O 6. h3 e5 7. d5 Na6 8. Be3 Nc5 9. Qc2 a5 10. Nf3 Nh5 11. Nd2 Nf4 12. Bf1 f5 13. g3 Nh5 14. Be2 Nf6 15. O-O-O b6 16. f3 Nh5 17. g4 Ng3 18. Rh2 f4 19. Bf2 Nxe2+ 20. Nxe2 Rf7 21. h4 h6 22. Nc3 Bf8 23. h5 g5 24. a3 Bd7 25. b3 Qb8 26. a4 1/2-1/2

[Event "ARG-chT"]
[Site "ARG"]
[Date "2000.06.04"]
[Round "6"]
[White "Hoffman, Alejandro"]
[Black "Anelli, Antonio"]
[Result "1/2-1/2"]
[WhiteElo "2491"]
[BlackElo "2320"]
[PlyCount "30"]
[EventDate "2000.??.??"]
[Source "www.chesslib.no"]
[SourceDate "2004.05.04"]

1. d4 Nf6 2. c4 c5 3. d5 e5 4. Nc3 d6 5. e4 g6 6. Be2 Bg7 7. Bg5 h6 8. Be3 Ng8 9. Qd2 Ne7 10. f4 exf4 11. Bxf4 b6 12. Nf3 g5 13. Bg3 Ng6 14. Bd3 g4 15. Ng1 Ne5 1/2-1/2

[Event "Pula op 11th"]
[Site "?"]
[Date "1997.??.??"]
[Round "4"]
[White "Cebalo Miso"]
[Black "Goric Esad"]
[Result "1/2-1/2"]
[WhiteElo "2540"]
[BlackElo "2270"]
[PlyCount "98"]
[EventDate "1997.??.??"]
[Source "www.chesslib.no"]
[SourceDate "2004.05.04"]

1. d4 g6 2. c4 Bg7 3. e4 d6 4. Nc3 Nf6 5. Be2 c6 6. Nf3 Bg4 7. Be3 O-O 8. Rc1 Nbd7 9. O-O e5 10. h3 Bxf3 11. Bxf3 Re8 12. d5 c5 13. a3 Rf8 14. b4 b6 15. Na4 Ne8 16. bxc5 bxc5 17. Rb1 Nb6 18. Qc2 f5 19. Rb5 Nxa4 20. Qxa4 Qh4 21. Rb7 Nf6 22. Rfb1 Bh6 23. Bxh6 Qxh6 24. exf5 gxf5 25. Rxa7 Rad8 26. Qc2 e4 27. Be2 f4 28. f3 Rde8 29. fxe4 Rxe4 30. Bf3 Re5 31. Rab7 Qh4 32. Qf2 Qg5 33. a4 Re3 34. Rb8 Rxb8 35. Rxb8+ Kg7 36. Rb7+ Kg6 37. Rb3 Qe5 38. Rxe3 fxe3 39. Qe1 Qd4 40. a5 Qxc4 41. Qxe3 Qa4 42. Qe6 Qxa5 43. Qxd6 Qe1+ 44. Kh2 c4 45. Qf4 c3 46. h4 c2 47. h5+ Kf7 48. Qc7+ Kf8 49. Qxc2 Qh4+ 1/2-1/2

[Event "Ostende Team Ch EWG"]
[Site "Ostende"]
[Date "1975.09.25"]
[Round "7.1"]
[White "Fedder, Steen"]
[Black "Mariotti, Sergio"]
[Result "1/2-1/2"]
[WhiteElo "2315"]
[BlackElo "2495"]
[PlyCount "128"]
[EventDate "1975.??.??"]
[Source "www.chesslib.no"]
[SourceDate "2004.05.04"]

1. d4 Nf6 2. c4 c5 3. d5 d6 4. Nc3 g6 5. e4 Bg7 6. Be2 b5 7. cxb5 a6 8. Nf3 O-O 9. bxa6 Bxa6 10. O-O Nfd7 11. Bf4 Qb6 12. Rb1 Bxe2 13. Qxe2 Qa6 14. Qe3 Nb6 15. b3 Bxc3 16. Qxc3 Qa5 17. Qxa5 Rxa5 18. a4 Ra7 19. Rfd1 f6 20. Bd2 Na6 21. Bc3 Rb8 22. Nd2 Rab7 23. Rbc1 Nd7 24. Kf1 Nb4 25. Ke2 g5 26. f3 Kf7 27. Bxb4 Rxb4 28. Ra1 h5 29. Kd3 c4+ 30. bxc4 Nc5+ 31. Kc2 Nxa4 32. Rdb1 Nc5 33. Rxb4 Rxb4 34. Kc3 Rb8 35. Ra3 h4 36. h3 Rb7 37. Nb3 Nxb3 38. Rxb3 Ra7 39. Rb2 Ra1 40. Rc2 Ke8 41. Kd3 Ra3+ 42. Kd4 e6 43. dxe6 Ke7 44. Rf2 Kxe6 45. f4 Rg3 46. f5+ Kd7 47. Ra2 Kc6 48. Ra6+ Kd7 49. Ra7+ Kc6 50. Rf7 Rxg2 51. Rxf6 Rd2+ 52. Ke3 Rh2 53. e5 Rxh3+ 54. Kd4 Rf3 55. Rxd6+ Kc7 56. Kd5 Rxf5 57. Rc6+ Kb7 58. Rh6 Rf1 59. Rh5 Rd1+ 60. Kc5 Re1 61. Kd6 Rd1+ 62. Ke7 Rg1 63. Kf6 Kc6 64. e6 Rf1+ 1/2-1/2

[Event "Bad Wildbad op"]
[Site "Bad Wildbad"]
[Date "2001.??.??"]
[Round "7"]
[White "Bagaturov, Giorgi"]
[Black "Fronczek, Heinrich"]
[Result "1-0"]
[WhiteElo "2519"]
[BlackElo "2288"]
[PlyCount "50"]
[EventDate "2001.??.??"]
[Source "ChessBase"]
[SourceDate "2002.01.21"]

1. d4 Nf6 2. c4 c5 3. d5 e5 4. Nc3 d6 5. e4 g6 6. Be2 Bg7 7. h4 h5 8. Bg5 Nbd7 9. Qd2 a6 10. f3 Rb8 11. Nh3 Qc7 12. Nf2 b5 13. cxb5 c4 14. bxa6 Bxa6 15. O-O Nc5 16. Rfc1 O-O 17. Ncd1 Qa7 18. Ne3 Nfd7 19. b4 cxb3 20. axb3 Qb7 21. b4 Nb3 22. Bxa6 Nxd2 23. Bxb7 Nb3 24. Bc6 Nxc1 25. Rxc1 Nb6 1-0

[Event "Tbilisi op"]
[Site "?"]
[Date "1996.??.??"]
[Round "?"]
[White "Bagaturov Giorgi"]
[Black "Bakhtadze Giorgi"]
[Result "1-0"]
[WhiteElo "2460"]
[BlackElo "2335"]
[PlyCount "103"]
[EventDate "1996.??.??"]
[Source "www.chesslib.no"]
[SourceDate "2004.05.04"]

1. d4 Nf6 2. c4 c5 3. d5 e5 4. Nc3 d6 5. e4 g6 6. Be2 Bg7 7. h4 O-O 8. h5 Na6 9. Bg5 Nc7 10. Qd2 Bd7 11. a4 Qe7 12. Bd3 Rab8 13. Nge2 a6 14. a5 b5 15. axb6 Rxb6 16. Ng3 Rfb8 17. Ra2 Rb4 18. O-O Bc8 19. Nd1 Nce8 20. Qc1 Qd7 21. hxg6 fxg6 22. Bh6 Bxh6 23. Qxh6 Qg4 24. Qd2 Qf4 25. Qc2 Ng4 26. Be2 Nef6 27. Bxg4 Nxg4 28. Re1 Rb3 29. Ra3 Rxa3 30. bxa3 Bd7 31. Nf1 h5 32. Nde3 Ba4 33. Qd2 Nxe3 34. Rxe3 Rb1 35. Qa5 Bc2 36. g3 Qg4 37. Qd8+ Kg7 38. Qe7+ Kh6 39. Qf8+ Kh7 40. Rf3 Rb7 41. Ne3 Qxe4 42. Rf7+ Rxf7 43. Qxf7+ Kh8 44. Qf8+ Kh7 45. Qxd6 Qd3 46. Qe7+ Kh6 47. Qf8+ Kh7 48. d6 Qd4 49. Qe7+ Kh6 50. d7 Qa1+ 51. Kh2 Be4 52. f3 1-0

[Event "Sala Open"]
[Site "Salamanca ESP"]
[Date "1993.??.??"]
[Round "2"]
[White "Ruckschloss, Karol"]
[Black "Ryskin, Alexander"]
[Result "1/2-1/2"]
[WhiteElo "2285"]
[BlackElo "2505"]
[PlyCount "81"]
[EventDate "1993.??.??"]
[Source "www.chesslib.no"]
[SourceDate "2004.05.04"]

1. c4 Nf6 2. d4 g6 3. Nc3 Bg7 4. e4 O-O 5. Be2 d6 6. h4 c5 7. d5 b5 8. cxb5 a6 9. bxa6 h5 10. Nf3 Bxa6 11. O-O Nbd7 12. Bf4 Ng4 13. Nh2 Nxh2 14. Kxh2 Qb6 15. Bxa6 Qxa6 16. Rc1 Rfb8 17. Rc2 Rb4 18. Re1 Ne5 19. Bxe5 Bxe5+ 20. g3 Rxb2 21. Rxb2 Bxc3 22. Ree2 Bxb2 23. Rxb2 Qc4 24. Qe2 Qxe2 25. Rxe2 Ra3 26. Kg2 Kg7 27. f4 Kf8 28. Kf2 Ra4 29. Kf3 f5 30. e5 Rd4 31. exd6 exd6 32. a4 Rxd5 33. a5 Rd4 34. Ra2 Rb4 35. a6 Rb8 36. a7 Ra8 37. Ke3 Ke7 38. Kd3 d5 39. Ra6 Kd8 40. Rd6+ Kc7 41. Rxd5 1/2-1/2

[Event "Rome Open"]
[Site "Rome ITA"]
[Date "1990.??.??"]
[Round "9"]
[White "Farago, Ivan"]
[Black "Zhu Dinglong"]
[Result "1-0"]
[WhiteElo "2475"]
[BlackElo "2310"]
[PlyCount "100"]
[EventDate "1990.02.??"]
[Source "www.chesslib.no"]
[SourceDate "2004.05.04"]

1. d4 Nf6 2. c4 g6 3. Nc3 Bg7 4. e4 d6 5. Be2 a6 6. Nf3 c6 7. O-O O-O 8. e5 dxe5 9. Nxe5 Bf5 10. Qb3 Qxd4 11. Nf3 Qa7 12. Be3 c5 13. Rfd1 Nc6 14. Na4 Ne4 15. Bd3 Nd4 16. Qb6 Qxb6 17. Nxb6 Rad8 18. Nd5 e6 19. Bxd4 Bxd4 20. Nxd4 exd5 21. Nxf5 gxf5 22. f3 dxc4 23. Bxc4 Nd6 24. Bf1 Nb5 25. Rac1 Rxd1 26. Rxd1 Nd4 27. Kf2 a5 28. a4 Re8 29. Bc4 Kg7 30. Re1 Rxe1 31. Kxe1 f4 32. Bd3 b6 33. Kd2 Nc6 34. Be4 Ne5 35. Kc3 h6 36. g3 f5 37. Bd5 fxg3 38. hxg3 f4 39. gxf4 Ng6 40. Kc4 Kf6 41. Kb5 h5 42. Kxb6 h4 43. Bc4 h3 44. Bf1 h2 45. Bg2 Nxf4 46. Bh1 Nd3 47. b3 Nc1 48. Kxa5 Nxb3+ 49. Kb5 Ke5 50. Kc4 Na5+ 1-0

[Event "ARG-ch sf"]
[Site "ARG"]
[Date "1997.??.??"]
[Round "?"]
[White "Sorin, Ariel"]
[Black "Madina, Martin"]
[Result "1-0"]
[WhiteElo "2460"]
[BlackElo "2320"]
[PlyCount "61"]
[EventDate "1997.??.??"]
[Source "www.chesslib.no"]
[SourceDate "2004.05.04"]

1. d4 Nf6 2. c4 g6 3. Nc3 Bg7 4. e4 d6 5. Be2 e5 6. d5 a5 7. Be3 Na6 8. Nf3 Ng4 9. Bg5 f6 10. Bd2 Nh6 11. a3 Bd7 12. Rb1 Nc5 13. b4 axb4 14. axb4 Na4 15. Nb5 Nf7 16. Ra1 Nb6 17. c5 Rxa1 18. Qxa1 Nc8 19. Qa8 c6 20. Qxb7 cxb5 21. c6 Bg4 22. c7 Qe7 23. Bxb5+ Kf8 24. O-O Bh6 25. Ra1 Kg7 26. Ra8 Bd7 27. Bxd7 Qxd7 28. b5 f5 29. Bxh6+ Nxh6 30. Qc6 Qxc6 31. dxc6 1-0

[Event "Krasnojarsk"]
[Site "Krasnojarsk"]
[Date "1980.??.??"]
[Round "?"]
[White "Lutikov, Anatoly S"]
[Black "Foygel, Igor"]
[Result "1-0"]
[WhiteElo "2425"]
[BlackElo "2350"]
[PlyCount "51"]
[EventDate "1980.??.??"]
[Source "www.chesslib.no"]
[SourceDate "2004.05.04"]

1. d4 Nf6 2. c4 c5 3. d5 e5 4. Nc3 d6 5. e4 g6 6. Be2 Bg7 7. Bg5 h6 8. Be3 O-O 9. h4 h5 10. f3 Nbd7 11. g4 a6 12. a4 Nh7 13. gxh5 gxh5 14. Nh3 f5 15. exf5 Rxf5 16. Ne4 Qxh4+ 17. Kd2 Qe7 18. Qc2 Ndf6 19. Rag1 Kf8 20. Ng3 e4 21. fxe4 Re5 22. Nf4 Rg5 23. Nfxh5 Qe5 24. Bf4 Qd4+ 25. Kc1 Nxe4 26. Rd1 1-0

[Event "Toronto op3"]
[Site "Toronto CAN"]
[Date "1992.??.??"]
[Round "3"]
[White "Southam, David"]
[Black "Dizdarevic, Emir"]
[Result "1-0"]
[WhiteElo "2270"]
[BlackElo "2505"]
[PlyCount "93"]
[EventDate "1992.??.??"]
[Source "www.chesslib.no"]
[SourceDate "2004.05.04"]

1. d4 Nf6 2. c4 g6 3. Nc3 Bg7 4. e4 d6 5. Be2 c6 6. Nf3 O-O 7. O-O Bg4 8. Be3 d5 9. cxd5 cxd5 10. e5 Ne8 11. Qb3 Nc7 12. Qxb7 Bc8 13. Qb3 e6 14. h4 h6 15. Qc2 Ba6 16. Bxa6 Nbxa6 17. a3 Nb8 18. b4 Nd7 19. g3 Nb6 20. Na4 Nc4 21. Nc5 f5 22. Bf4 Qe7 23. a4 Rab8 24. Rfb1 Rb6 25. Rb3 Rfb8 26. Rab1 Na6 27. b5 Nxc5 28. dxc5 Qxc5 29. Be3 Qc7 30. Bxb6 axb6 31. Re1 Ra8 32. Nd4 Qd7 33. Rc3 Bxe5 34. Rxe5 Nxe5 35. Re3 Qg7 36. Nxe6 Qf6 37. Nc7 Rd8 38. Qe2 Qd6 39. Rxe5 Qxc7 40. Re7 Qd6 41. Re6 Qf8 42. Rxg6+ Kh7 43. Rxb6 d4 44. Rb7+ Kh8 45. Qe5+ Kg8 46. Qe6+ Kh8 47. Qg6 1-0

[Event "Aarhus Open"]
[Site "Aarhus DEN"]
[Date "1991.??.??"]
[Round "3"]
[White "Hansen, Lars Bo"]
[Black "Antonsen, Mikkel"]
[Result "0-1"]
[WhiteElo "2525"]
[BlackElo "2250"]
[PlyCount "108"]
[EventDate "1991.??.??"]
[Source "www.chesslib.no"]
[SourceDate "2004.05.04"]

1. d4 Nf6 2. c4 g6 3. Nc3 Bg7 4. e4 d6 5. Be2 O-O 6. g4 c5 7. d5 e6 8. Be3 exd5 9. cxd5 Qe7 10. Bf3 Nbd7 11. g5 Ne8 12. Qc2 Nc7 13. Bg2 b5 14. Nf3 Re8 15. O-O b4 16. Na4 Ba6 17. Nd2 Bxf1 18. Rxf1 Nb6 19. b3 Nb5 20. Nc4 Nd4 21. Qd3 Nxc4 22. Qxc4 f5 23. gxf6 Qxf6 24. f4 Qh4 25. e5 Kh8 26. Bxd4 cxd4 27. exd6 Re1 28. d7 Rxf1+ 29. Bxf1 Qg4+ 30. Bg2 Qxd7 31. Nc5 Qg4 32. Ne6 Qd1+ 33. Bf1 Re8 34. Qe2 Qc1 35. Kg2 Bf6 36. Qc4 Qd2+ 37. Qe2 Qc3 38. Qd3 Qc1 39. Qe2 Rc8 40. Kh1 Rc2 41. Qb5 Rc8 42. Qa6 Qc3 43. Bc4 Qf3+ 44. Kg1 Rg8 45. Qxa7 d3 46. Qf7 Bh4 47. Qa7 Qd1+ 48. Kg2 Qe2+ 49. Kg1 Qe1+ 50. Kg2 Qe4+ 51. Kh3 Bf6 52. Qf2 d2 53. Qe2 Qxe2 54. Bxe2 Rc8 0-1

[Event "Petroff mem op"]
[Site "St Petersburg"]
[Date "2000.02.07"]
[Round "1"]
[White "Zakharevich, Igor"]
[Black "Kondenko, Alexey"]
[Result "1/2-1/2"]
[WhiteElo "2486"]
[BlackElo "2286"]
[PlyCount "58"]
[EventDate "2000.02.05"]
[Source "www.chesslib.no"]
[SourceDate "2004.05.04"]

1. d4 Nf6 2. c4 g6 3. Nc3 Bg7 4. e4 d6 5. Be2 c5 6. d5 a6 7. a4 e6 8. Bg5 h6 9. Bf4 exd5 10. exd5 O-O 11. Nf3 g5 12. Bd2 Bf5 13. h4 g4 14. Nh2 Re8 15. O-O h5 16. Bg5 Nbd7 17. b3 Ne5 18. Qd2 Qd7 19. Bh6 Ng6 20. Bxg7 Kxg7 21. g3 Re5 22. f4 Re7 23. Rae1 Rae8 24. Bd1 Ng8 25. Kf2 Nf8 26. Rxe7 Rxe7 27. Re1 Nh7 28. Nf1 Nhf6 29. Rxe7 Qxe7 1/2-1/2

[Event "BL2-W9798"]
[Site "Germany"]
[Date "1998.??.??"]
[Round "?"]
[White "Ruzele, Darius"]
[Black "Sandkamp, Ralph"]
[Result "1-0"]
[WhiteElo "2525"]
[BlackElo "2245"]
[PlyCount "101"]
[EventDate "1997.10.??"]
[Source "www.chesslib.no"]
[SourceDate "2004.05.04"]

1. d4 Nf6 2. c4 c5 3. d5 d6 4. Nc3 g6 5. e4 Bg7 6. Be2 e6 7. Bg5 exd5 8. exd5 O-O 9. Qd2 Re8 10. Nf3 Bg4 11. O-O Nbd7 12. h3 Bxf3 13. Bxf3 a6 14. a4 Qa5 15. Qc2 h6 16. Bd2 Qc7 17. g4 Re7 18. Rfe1 Ne5 19. Be2 Rae8 20. f4 Ned7 21. Bf1 Rxe1 22. Bxe1 Nh7 23. Kg2 Bd4 24. Bd3 Ndf8 25. Ne2 Bg7 26. a5 Nd7 27. Nc3 Qd8 28. Ne4 Ndf6 29. Nc3 Nd7 30. Bg3 Ndf8 31. Ne4 Qc7 32. Nd2 Qd8 33. Nf3 Qc7 34. Be1 Nd7 35. Bd2 Nhf8 36. Rh1 Qd8 37. b3 Qf6 38. h4 Qd8 39. g5 hxg5 40. hxg5 f5 41. gxf6 Qxf6 42. Ng5 Qd4 43. Ne4 Nf6 44. Bc3 Rxe4 45. Bxd4 Rxd4 46. Kf3 Kf7 47. Rg1 g5 48. fxg5 N6d7 49. Bf5 Be5 50. Bxd7 Nxd7 51. Qf5+ 1-0